| 000 | 00603nam a22001937a 4500 | ||
|---|---|---|---|
| 999 |
_c182812 _d182812 |
||
| 005 | 20211207121836.0 | ||
| 010 | _aUR-11350 | ||
| 020 |
_c400.00 _a9789390789443 |
||
| 035 | _aU-9905 | ||
| 037 | _bDBAD/PUB | ||
| 082 | _aک | ||
| 100 | _aا و پی شا کر | ||
| 245 |
_aلفا فے ميں بند حيا ت _cا و پی شا کر |
||
| 246 |
_aLifafe Mein Band Hayaat (Urdu) _bBy O.P.Shakir |
||
| 260 |
_aN.Delhi _c2021 ء _bEducational Publishing House |
||
| 270 |
_aD1/16,Ansari Road,Darya Ganj, _bNew Delhi _e110002 _l - |
||
| 300 |
_a352 ص _c22 Cm(Hb) |
||
| 942 |
_2ddc _cUR _hک _mش ا ک |
||